Základní aplikační program HEAD příručka operátora

Bibliographic Details
Main Authors: Chytil, Josef (Author), Vašků, Stanislav (Author), Mayerová, Adéla (Author)
Format: Book
Language:Czech
PhysicalDescription:86, [1] s. 8°
Published: Olomouc Univ. Palackého 1989
Subjects:

MARC

LEADER 00000nam a2200000 a 4500
001 vtls001345551
003 SK-MaSNL
005 20260301160535.0
008 240318s1989 xr 0 cze
035 |a SNK000298779 
040 |a SNK  |b slo  |c SNK  |e AACR2 
041 0 |a cze 
044 |a CZ 
080 |a 681.3.068 HEAD  |2 1981 
100 1 |a Chytil, Josef  |4 aut  |9 458555 
245 1 0 |a Základní aplikační program HEAD  |b příručka operátora  |c Josef Chytil, Stanislav Vašků, Adéla Mayerová 
260 |a Olomouc  |b Univ. Palackého  |c 1989 
300 |a 86, [1] s.  |c 8° 
650 0 7 |a HEAD  |x programy aplikačné  |x príručky  |2 SNK  |9 522243 
650 0 7 |a aplikačný softvér  |x HEAD  |x príručky  |2 SNK  |9 64608 
700 1 |a Vašků, Stanislav  |4 aut  |9 458558 
700 1 |a Mayerová, Adéla  |4 aut  |9 458559 
958 |a RK 
958 |a OND 
999 |c 805913  |d 807843 
952 |t P60, <04>, [BOOK], {604}  |a SNK  |b SNK  |y VYP  |7 0  |o snkIC 114547  |i snkKIP 8177/90  |0 0  |1 0  |4 0  |d 1998-10-19  |l 0  |r 2005-01-02 00:00:00  |w 2026-02-24